[Event "Muensterland Regionalliga 1617"]
[Site "Germany"]
[Date "2017.05.13"]
[Round "9.8"]
[White "Hellmann, Guenter"]
[Black "Rothkegel, Juergen"]
[Result "0-1"]
[WhiteElo "1609"]
[BlackElo "1846"]
[PlyCount "83"]
[EventDate "2016.09.17"]
[EventType "team"]
[EventRounds "9"]
[EventCountry "GER"]
[SourceTitle "EXT 2018"]
[Source "ChessBase"]
[SourceDate "2017.10.13"]
[SourceVersion "1"]
[SourceVersionDate "2017.10.13"]
[SourceQuality "1"]
[WhiteTeam "Bocholt"]
[BlackTeam "Gronau"]
[WhiteTeamCountry "GER"]
[BlackTeamCountry "GER"]

1. d4 Nf6 2. c4 e6 3. Nc3 d5 4. Bg5 Be7 5. e3 0-0 6. Bd3 h6 7. Bh4 b6 8. cxd5 exd5 9. Nge2 Bb7 10. Qc2 Nbd7 11. 0-0 Re8 12. Rac1 a6 13. Bf5 Nf8 14. Na4 Bd6 15. a3 g6 16. Bd3 Kg7 17. Nac3 Ne6 18. e4 dxe4 19. Nxe4 Be7 20. Nxf6 Bxf6 21. Bxf6+ Qxf6 22. Rfd1 Rad8 23. Qc3 Rd7 24. Bc4 b5 25. Ba2 Ng5 26. Ng3 h5 27. f3 h4 28. Nf1 Re2 29. d5 Rxb2 30. Rd2 Qxc3 31. Rxc3 Rxd2 32. Nxd2 Bxd5 33. Rc2 Bxa2 34. Rxa2 c5 35. Kf2 c4 36. Ne4 Nxe4+ 37. fxe4 Kf6 38. Re2 Ke5 39. Re3 Rd2+ 40. Kf3 g5 41. h3 Kd4 42. e5 0-1